Logic, language, and meaning

Na minha lista:
Detalhes bibliográficos
Autor principal: Gamut, L. T. F (Author)
Formato: Livro
Idioma:inglês
Publicado em: Chicago University of Chicago 1991
Assuntos:
Tags: Adicionar Tag
Sem tags, seja o primeiro a adicionar uma tag!

MARC

LEADER 00000nam a2200000 a 4500
001 UCO9546
003 CL-VaPUC
008 010302e19910000US |||||||||||||||||eng|d
082 0 4 |a 160  |b GAM  |2 21 
100 0 |a Gamut, L. T. F  |e author  |9 454811 
245 1 0 |a Logic, language, and meaning 
300 |a v 
942 |c BK 
945 |d 20010302 00:00:00  |a cmena 
260 |a Chicago  |b University of Chicago  |c 1991 
500 |a v.1: Introduction to logic 
500 |a v.2: Intensional logic and logical grammar 
650 0 |a Lógica  |9 256849 
650 0 |a Semántica  |9 265318 
650 0 |a Filosofía del lenguaje  |9 257082 
583 |a last modification  |c 20010302 00:00:00  |k Rodrigo Vera 
999 |c 293748  |d 293746 
952 |0 0  |1 0  |4 0  |6 160_000000000000000_GAM_1991  |7 0  |8 A  |9 345455  |a FDOPOS  |b FDOPOS  |d 2019-11-20  |h v.1  |i 3684318  |o 160 GAM 1991  |p 3684318  |r 2025-01-22  |w 2019-11-20  |y BK  |k MLA 
952 |0 0  |1 0  |4 0  |6 160_000000000000000_GAM_1991  |7 0  |8 A  |9 345456  |a FDOPOS  |b FDOPOS  |d 2019-11-20  |h v.2  |i 3684326  |o 160 GAM 1991  |p 3684326  |r 2025-01-22  |w 2019-11-20  |y BK  |k MLA